书目信息 |
| 题名: |
煤质分析实训
|
|
| 作者: | 孙琪娟 编著 | |
| 分册: | ||
| 出版信息: | 北京 中国纺织出版社 2015.9 |
|
| 页数: | 102页 | |
| 开本: | 26cm | |
| 丛书名: | ||
| 单 册: | ||
| 中图分类: | TQ533 | |
| 科图分类: | ||
| 主题词: | 煤质分析--高等职业教育--教材 | |
| 电子资源: | ||
| ISBN: | 978-7-5180-1808-6 | |
| 000 | 00913nam0 2200241 450 | |
| 001 | 0400002512 | |
| 005 | 20171021104316.0 | |
| 010 | @a978-7-5180-1808-6@dCNY32.00 | |
| 100 | @a20151101d2015 em y0chiy50 ea | |
| 101 | 0 | @achi |
| 102 | @aCN@b110000 | |
| 105 | @ay z 000yy | |
| 106 | @ar | |
| 200 | 1 | @a煤质分析实训@9mei zhi fen xi shi xun@f孙琪娟编著 |
| 210 | @a北京@c中国纺织出版社@d2015.9 | |
| 215 | @a102页@d26cm | |
| 300 | @a普通高等教育“十二五”部委级规划教材(高职高专) | |
| 330 | @a本书结合煤质化验工岗位职业技能要求,按照煤质分析流程,将生产性项目作为实训项目,介绍了煤质分析采样、制样、化验分析等方法及原理,重点突出煤质元素分析及工业分析,强调煤质化验分析仪器操作技能,并结合典型案例由煤质分析的结果对煤质进行评价。 | |
| 606 | 0 | @a煤质分析@x高等职业教育@j教材 |
| 690 | @aTQ533@v5 | |
| 701 | 0 | @a孙琪娟@9sun qi juan@4编著 |
| 801 | 0 | @aCN@b91MARC@c20171021 |
| 905 | @b1032315-9@dTQ533@f5@e85 | |
| 煤质分析实训/孙琪娟编著.-北京:中国纺织出版社,2015.9 |
| 102页;26cm |
| 普通高等教育“十二五”部委级规划教材(高职高专) |
| ISBN 978-7-5180-1808-6:CNY32.00 |
| 本书结合煤质化验工岗位职业技能要求,按照煤质分析流程,将生产性项目作为实训项目,介绍了煤质分析采样、制样、化验分析等方法及原理,重点突出煤质元素分析及工业分析,强调煤质化验分析仪器操作技能,并结合典型案例由煤质分析的结果对煤质进行评价。 |
| ● |
| 相关链接 |
|
|
|
|
正题名:煤质分析实训
索取号:TQ533/85
 
预约/预借
| 序号 | 登录号 | 条形码 | 馆藏地/架位号 | 状态 | 备注 |
| 1 | 1032315 | 210323158 | 第二样本阅览室/ [索取号:TQ533/85] | 在馆 | |
| 2 | 1032316 | 210323167 | 密集书库-化学系/ [索取号:TQ533/85] | 在馆 | |
| 3 | 1032317 | 210323176 | 第三借阅区/ [索取号:TQ533/85] | 在馆 | |
| 4 | 1032318 | 210323185 | 第三借阅区/ [索取号:TQ533/85] | 在馆 | |
| 5 | 1032319 | 210323194 | 第三借阅区/ [索取号:TQ533/85] | 在馆 |